000
00281nam a2200121Ia 4500
008
220204s9999 xx 000 0 und d
082
_a
546.48
_b
FRI
100
_a
Friberg, Lars
245
0
_a
Cadmium in the environment
250
_a
Ed.2
260
_a
Ohio
_b
CRC
_c
1976
942
_c
BK
999
_c
31243
_d
31243